000 00172nam a22000857a 4500
999 _c12462
_d12462
082 _a791.456
100 _aShahzado Shaikh
245 _aThe Pure Truth: Al Ikhlas
942 _cBK